Casas de campo chilenas: desde el Valle del Maipo hasta el Valle del Maule

Guardat en:
Dades bibliogràfiques
Autors principals: Pereira Larraín, Teresa (Autor), Rodríguez Villegas, Hernán (Autor)
Altres autors: Maino Prado, Valeria (autora)
Format: Llibre
Idioma:espanyol
Publicat: Santiago RE Producciones Ltda. 2005
Edició:2a. ed
Matèries:
Etiquetes: Afegir etiqueta
Sense etiquetes, Sigues el primer a etiquetar aquest registre!

MARC

LEADER 00000cam a2200000 a 4500
001 UCF9471
003 CL-VaPUC
008 131125e20050000cl |||||||||||||||||spa|d
020 |a 9568371028 
082 0 4 |a 720  |b PER  |2 21 
100 0 |a Pereira Larraín, Teresa  |e author  |9 571784 
700 0 |a Rodríguez Villegas, Hernán  |e author  |9 571785 
700 |a Maino Prado, Valeria  |e autora  |9 572530 
245 1 0 |a Casas de campo chilenas: desde el Valle del Maipo hasta el Valle del Maule 
250 |a 2a. ed 
300 |a 250 p 
942 |c BK 
945 |d 20131125 03:22:00  |a dcastane 
260 |a Santiago  |b RE Producciones Ltda.  |c 2005 
650 0 |a Arquitectura colonial  |9 266240 
650 0 |a Paisajes  |9 344660 
650 0 |a Fotografías artísticas  |9 535989 
583 |a last modification  |c 20131125 03:22:00  |k Rodrigo Vera 
999 |c 353914  |d 353912 
952 |0 0  |1 0  |3 erd  |4 0  |6 720_000000000000000_PER_2005  |7 0  |8 A  |9 459359  |a BIBING  |b BIBING  |i 5029813  |o 720 PER 2005  |p 5029813  |r 2025-01-20  |w 2019-11-23  |y BK  |z Catalogado en:20131125  |k CUI